Géo: Plus grand ou plus petit (Vrai ou Faux) - Statistiques

Statistiques générales
  • Ce quiz a été pris 166 fois
  • Le résultat moyen est 11 sur 20
Statistiques - réponses
Question Réponse % Correct
Monaco est plus grand que le Vatican Vrai
100%
Maurice est plus grande que la Réunion Faux
90%
Gibraltar est plus petit que Monaco Faux
80%
Les Samoa Américaines sont plus grandes que les Samoa Faux
70%
Le Vatican est plus petit que Gibraltar Vrai
70%
Nauru est plus grand que les Bermudes Faux
60%
Les Seychelles sont plus grandes que les Maldives Vrai
60%
Le Luxembourg est plus petit que la Palestine Vrai
60%
Singapour est plus grand que le Bahreïn Faux
50%
Maurice est plus grande que les Comores Faux
50%
Les Comores sont plus petites que la Réunion Faux
50%
Chypre est plus petit que Porto Rico Faux
50%
Les Iles Cook sont plus petites que Niue Vrai
50%
Guam est plus grand que Andorre Vrai
50%
Les Iles Malouines sont plus grandes que la Jamaïque Vrai
50%
Jersey est plus petit que Guernesey Faux
40%
Le Monténégro est plus grand que le Koweït Faux
40%
Le Liechtenstein est plus petit que les Iles Caïmans Vrai
40%
Les Iles Vierges Britanniques sont plus grandes que les Iles Vierges des Etats-Unis Faux
30%
Malte est plus petite que l'Ile de Man Vrai
30%
Aucun quiz correspondant
Distribution des résultats
% des personnes avec chaque résultat
Percentile par nombre de réponses
Votre historique - résultats
Vous n’avez pas pris ce quiz